000 00402pab a2200157 454500
008 180718b2009 xxu||||| |||| 00| 0 eng d
100 _aVarma, Kaavya
245 _aThe Asiatic lion and the maldharis of Gir forest
260 _c2009
300 _ap.154-76.
362 _aJun
650 _aWildlife conservation
773 _aJournal of Environment and Development
908 _aN
909 _a85137
999 _c85137
_d85137